|
|
|
|
| LEADER |
00000nam a2200000 a 4500 |
| 001 |
vtls001415623 |
| 003 |
SK-MaSNL |
| 005 |
20260331203939.0 |
| 008 |
150827s2001 xo a grb 0|000 slo |
| 015 |
|
|
|a SNBSAB2001-00002
|
| 035 |
|
|
|a SNK000370360
|
| 035 |
|
|
|a urn:nbn:sk:snk-amjd0y
|
| 035 |
|
|
|a urn:nbn:sk:snk-am003en5
|
| 035 |
|
|
|a 18C65309-5DC3-4C08-BDCF-3354058281E6
|
| 040 |
|
|
|a SNK
|b slo
|c SNK
|e AACR2
|
| 041 |
0 |
|
|a slo
|
| 044 |
|
|
|a xo
|c SK
|
| 072 |
|
7 |
|a 01
|x Bibliografia. Katalógy
|2 konspekt
|
| 072 |
|
7 |
|a 821.111(73).09
|x Americká literatúra (o nej)
|2 konspekt
|
| 080 |
|
|
|a 82:929:820(73):012
|2 1981
|
| 080 |
|
|
|a 820(73)
|2 1981
|
| 080 |
|
|
|a 012
|2 1981
|
| 080 |
|
|
|a 929 Cooper, James Fenimore
|2 1981
|
| 100 |
1 |
|
|a Kontárová, Judita,
|d 1956-
|4 com
|9 134012
|
| 245 |
1 |
0 |
|a James Fenimore Cooper - autor romantických diel o zálesákoch
|c zostavila: Judita Kontárová
|
| 260 |
|
|
|a Galanta
|b Galantská knižnica
|c 2001
|
| 300 |
|
|
|a 1 zlož. list ([4] s.)
|b ilustr.
|c 21 x 10 cm
|
| 504 |
|
|
|a Lit. 14 zázn. o kn. v maď. a slov.
|
| 600 |
1 |
7 |
|a Cooper, James Fenimore,
|d 1789-1851
|2 SNK
|9 117641
|
| 655 |
|
7 |
|a neperiodické bibliografie
|2 SNK
|9 60408
|
| 655 |
|
7 |
|a personálne bibliografie
|2 SNK
|9 70198
|
| 655 |
|
7 |
|a bibliografické letáky
|2 SNK
|9 74589
|
| 710 |
2 |
|
|a Galantská knižnica
|4 pbl
|9 32738
|
| 958 |
|
|
|a RM
|
| 958 |
|
|
|a SF
|
| 958 |
|
|
|a PB
|
| 999 |
|
|
|c 726049
|d 727979
|
| 952 |
|
|
|t P60, <03>, [BOOK], {603}
|a SNK
|b SNK
|y PREZ
|7 0
|p 17A0305141
|o snkOSC 21265
|i snkKSP 7623/2001
|0 0
|1 0
|4 0
|d 2001-06-22
|f 1
|l 0
|r 2005-01-02 00:00:00
|w 2026-02-23
|
| 952 |
|
|
|t P60, <04>, [BOOK], {604}
|a SNK
|b SNK
|y VYP
|7 0
|p 17A0305142
|o snkOSC 21265 D1
|i snkKSP 7624/2001
|0 0
|1 0
|4 0
|d 2001-06-22
|l 0
|r 2005-01-02 00:00:00
|w 2026-02-23
|